000 01143nam a2200265 a 4500
005 20080811105156.0
008 070914s2007 ii b 001 0 eng
010 _aENG-91812
020 _c75.00
035 _aEN-75345
037 _bDBAD / PUB
040 _adpl
_bEnglish
082 _a915.503
100 _aChatterji, Suniti Kumar, 1890-1977.
245 _aIranianism:
_bIranian culture and its impact on the world from Achaemenian times/
_cby Suniti Kumar Chatterji
260 _aKolkata :
_bThe Asiatic Society,
_c2008(repr.).
270 _a1 Park Street
_bKolkata
_e700016
300 _a35p.
_c24 cm (pbk)
490 _aMonograph series ; v. 22
500 _a"Paper read and discussed on 3 September 1970, at the World Congress of Iranologists, from 31 August to 7 September 1966, Tehran, Iran."
546 _aIncludes words in Bengali and Sanskrit
_b(roman)
651 _aIran
_xCivilization.
942 _2ddc
_cEN
_mCHA
_h915.503
999 _c19068
_d19068